000 00691nam a2200241 i 4500
003 IT-RoINE
005 20190130064655.0
008 050524s2004 sp | r ||| ||spa d
020 _a8428526974
040 _aSpMaBN
_cSpMaBN IT-RoINE
_dIT-RoINE
100 1 _aSayés, José Antonio,
_d1944-
_92829
245 1 0 _aTeología de la fe /
_cJosé Antonio Sayés.
260 _aMadrid :
_bSan Pablo,
_c[2004]
300 _a329 p. ;
_c21 cm.
336 _2rdacontent
_atext
337 _2rdamedia
_aunmediated
338 _2rdacarrier
_avolume
490 1 _aMagister ;
_v28
650 4 _aFe
_91759
650 4 _aRevelación
_913823
830 0 _aMagister (San Pablo) ;
_v28
_95346
942 _cMTS
999 _c28763
_d28763